Riadenia mechanického zariadenia pomocou laserového scanera

Salvato in:
Dettagli Bibliografici
Autore principale: Slobodník, Martin (Autore)
Altri autori: Nemlaha, Eduard (Relatore della tesi)
Natura: Manoscritto Libro
Lingua:slovacco
Pubblicazione: 2022
Soggetti:
Accesso online:http://is.stuba.sk/zp/portal_zp.pl?podrobnosti=166113
Tags: Aggiungi Tag
Nessun Tag, puoi essere il primo ad aggiungerne!!

MARC

LEADER 00000ntm a22000003a 4500
001 stuzp88188
003 SK-STU
005 20220611211241.5
007 ta
008 150427s2015----xo-----f-mn---000-0-slo-d
040 |a STU  |b slo 
041 0 |a slo 
100 1 |a Slobodník, Martin  |u 066000  |k Z4  |4 aut  |U MTF Materiálovotechnologická fakulta  |T MTF Ústav aplikovanej informatiky, automatizácie a mechatroniky  |X 80531  |U M6000  |Y 86  |7 80531 
242 0 1 |a Control of mechanical unit using a laser scanner  |y eng 
245 1 0 |a Riadenia mechanického zariadenia pomocou laserového scanera 
260 |c 2022 
650 4 |a Lokalizácia  |2 slo 
650 4 |a Mapa  |2 slo 
650 4 |a AMCL  |2 slo 
650 4 |a Reaktívna navigácia  |2 slo 
650 4 |a DWA  |2 slo 
650 4 |a ROS  |2 slo 
650 4 |a AMCL  |2 eng 
650 4 |a Reactive navigation  |2 eng 
650 4 |a ROS  |2 eng 
650 4 |a Localizastion  |2 eng 
650 4 |a DWA  |2 eng 
650 4 |a Map  |2 eng 
700 1 |a Nemlaha, Eduard  |u 066000  |k Z1  |4 ths  |U MTF Materiálovotechnologická fakulta  |T MTF Ústav aplikovanej informatiky, automatizácie a mechatroniky  |X 2759  |U M6000  |Y 86  |7 A000002759 
856 4 |u http://is.stuba.sk/zp/portal_zp.pl?podrobnosti=166113 
996 |c M* DP-15028  |l MMSKP  |s P  |a 0  |w stuzp88188_0001